000 00671nam a2200277Ia 4500
001 Z_2773
003 CHAP
008 220113s1998 xx 000 0 und d
010 _a163580
040 _cCHAP
082 _a636.08 F6
100 _aForo de Análisis de los Recursos Genéticos (2 : 1998 : Chihuahua, Chih.)
_9137740
245 _aGanado criollo /
_cpor SAGAR
260 _aChihuahua, Chih. :
_bLa Secretaría,
_c1998
300 _a87 p.
440 _a
500 _a
503 _aDONACIÓN
650 _aGanado criollo
_xGenética
_9137741
901 _a636.08 F6
902 _aA
910 _a1998
942 _c1
942 _cc1
999 _c163580
_d163580